| 000 | 00000nam##2200000za#4500 |
| 001 | 9.602289 |
| 003 | CaOODSP |
| 005 | 20210624210509 |
| 007 | cr ||||||||||| |
| 008 | 150406|2007||||xxc|||||o f|0| 0 fre|d |
| 040 | |aCaOODSP|bfre |
| 043 | |an-cn--- |
| 086 | 1 |aNH18-24/28K-2007F-PDF |
| 110 | 2 |aSociété canadienne d'hypothèques et de logement. |
| 245 | 10|aÉvaluation de vos installations mécaniques : confort et sécurité |h[ressource électronique] |
| 250 | |aRév. 2007 |
| 260 | |bSociété canadienne d'hypothèques et de logement |cc2000. |
| 300 | |a10p.|bfigure, tableaux |
| 490 | 1 |aVotre maison |vCF28k |
| 590 | |a11-24-Supp|b2011-10-24 |
| 691 | 07|aClimatisation|2gcpds |
| 691 | 07|aChauffage|2gcpds |
| 691 | 07|aRendement énergétique|2gcpds |
| 691 | 07|aSécurité|2gcpds |
| 775 | 08|tAssessing the comfort and safety of your home's mechanical systems |w(CaOODSP)9.571869 |
| 830 | #0|aVotre maison ;|vCF28k|w(CaOODSP)9.501787 |
| 856 | 40|ahttp://publications.gc.ca|qPDF|s370 Ko|uhttps://publications.gc.ca/collections/collection_2011/schl-cmhc/nh18-24/NH18-24-28k-2007-fra.pdf|yCF28k |